|
|
|
|
| LEADER |
00000nam0a2200000 4500 |
| 001 |
253305 |
| 005 |
20231101232830.0 |
| 035 |
|
|
|a (RuTPU)RU\TPU\book\275691
|
| 090 |
|
|
|a 253305
|
| 100 |
|
|
|a 20140312d1988 k y0rusy50 ca
|
| 101 |
0 |
|
|a rus
|
| 102 |
|
|
|a RU
|
| 105 |
|
|
|a a z 001zy
|
| 200 |
1 |
|
|a Пристенные и свободные турбулентные течения
|e сборник научных трудов
|f Академия наук СССР (АН СССР), Сибирское отделение (СО), Институт теплофизики (ИТ) ; под ред. Б. П. Миронова, Б. Г. Новикова
|
| 210 |
|
|
|a Новосибирск
|c Изд-во Ин-та теплофизики СО АН СССР
|d 1988
|
| 215 |
|
|
|a 130 с.
|c ил.
|
| 320 |
|
|
|a Библиография в конце статей
|
| 606 |
1 |
|
|a Турбулентных струй теория
|2 stltpush
|3 (RuTPU)RU\TPU\subj\59507
|9 77023
|
| 610 |
1 |
|
|a турбулентные течения
|
| 610 |
1 |
|
|a пристенные течения
|
| 610 |
1 |
|
|a свободные турбулентные струи
|
| 610 |
1 |
|
|a гидродинамика
|
| 675 |
|
|
|a 532.51
|v 3
|
| 702 |
|
1 |
|a Миронов
|b Б. П.
|4 340
|
| 702 |
|
1 |
|a Новиков
|b Б. Г.
|4 340
|
| 712 |
0 |
2 |
|a Академия наук СССР (АН СССР)
|b Сибирское отделение (СО)
|b Институт теплофизики (ИТ)
|c (Новосибирск)
|2 stltpush
|3 (RuTPU)RU\TPU\col\11307
|
| 801 |
|
1 |
|a RU
|b 63413507
|c 20140312
|
| 801 |
|
2 |
|a RU
|b 63413507
|c 20140319
|g RCR
|
| 942 |
|
|
|c BK
|